| 000 | 00900nam a2200193Ia 4500 | ||
|---|---|---|---|
| 999 |
_c36607 _d36607 |
||
| 001 | 2527 | ||
| 003 | GE_BSU | ||
| 005 | 20230831164547.0 | ||
| 008 | 181216s1996||||ge |||||||||||||| ||geo|| | ||
| 040 | _cGE_BSU | ||
| 041 | _ageo | ||
| 080 | _a811.111(038)+811.353.1(038) ი–54 | ||
| 245 |
_aინგლისურ-ქართული ლექსიკონი = English-Georgian dictionary. რვეული 3 : _bC / _c[სარედ. კოლ.: არიანე ჭანტურია (მთ. რედ.) და სხვ.; შემდგ.: ნ. ძოწენიძე, ც. მათურელი, ნ. საყვარელიძე და სხვ.]. |
||
| 264 |
_aთბილისი, _c1996. |
||
| 300 |
_a257გვ.; _b28 სმ. |
||
| 541 | _h12ლ. | ||
| 653 | _aინგლისურ–ქართული ლექსიკონი | ||
| 942 |
_cBK _2udc |
||